Cracking Campus Placements Verbal Ability & Reasoning : (Record no. 216221)

MARC details
000 -LEADER
fixed length control field 00680nam a22001817a 4500
005 - DATE AND TIME OF LATEST TRANSACTION
control field 20260515141842.0
010 ## - LCCN (DPL NO)
LC control number ENG-148486
020 ## - INTERNATIONAL STANDARD BOOK NUMBER
International Standard Book Number 9789371367417
Terms of availability 899.00
035 ## - SYSTEM CONTROL NUMBER
System control number EN-132018
037 ## - SOURCE OF ACQUISITION
Source of stock number/acquisition DBAD
082 ## - DEWEY DECIMAL CLASSIFICATION NUMBER
Classification number 000
245 ## - TITLE STATEMENT
Title Cracking Campus Placements Verbal Ability & Reasoning :
Remainder of title The Verbal Intelligence Crafter /
250 ## - EDITION STATEMENT
Edition statement 1st
260 ## - PUBLICATION, DISTRIBUTION, ETC. (IMPRINT)
Place of publication, distribution, etc Noida, Uttar Pradesh
Name of publisher, distributor, etc Pearson India Education Services Pvt. Ltd
Date of publication, distribution, etc 2026
270 ## - ADDRESS
Address 1st Floor, Berger Tower, Plot No. C-001A /2, Sector 16B,
City Noida, Uttar Pradesh
Postal code 201301
Telephone number 044-66540100
Electronic mail address companysecretary.india@pearson.com
300 ## - PHYSICAL DESCRIPTION
Extent various pages
Dimensions 26cm(pbk)
942 ## - ADDED ENTRY ELEMENTS (KOHA)
Source of classification or shelving scheme Dewey Decimal Classification
Item type English Books
Classification part 000
Call number suffix VER
Holdings
Withdrawn status Lost status Not for loan Collection code Home library Current library Date acquired Source of acquisition Cost, normal purchase price Full call number Barcode Copy number Cost, replacement price Koha item type
      Non-fiction Tri Nagar Tri Nagar 15/05/2026 DBAD 899.00 000 VER EN-132018 1 899.00 English Books

© Delhi Public Library
Hit Counter
free hit counter